Leveraging synergies between refining and petrochemical processes

Saved in:
Bibliografiske detaljer
Hovedforfatter: LUCKE, Eberhard Ronce, Edgar Amaro
Format: Bog
Sprog:engelsk
Udgivet: CRC Press 2021
Tags: Tilføj Tag
Ingen Tags, Vær først til at tagge denne postø!

MARC

LEADER 00000nam a22000007a 4500
008 240627b |||||||| |||| 00| 0 eng d
020 |a 9780367076771 
100 |a LUCKE, Eberhard  |a Ronce, Edgar Amaro 
245 |a Leveraging synergies between refining and petrochemical processes   |c / Edgar Amaro Ronces, Eberhard Lucke.  |g xi, 135p:ill 
260 |b CRC Press  |c 2021  |h Boca Raton, FL  |i 702325  |i 702326  |l TP690.L96  |m Petroleum -Refining  |m Petroleum chemicals 
500 |a Includes bibliographical references and index. 
942 |a lcc  |c BK  |e Johnson  |f 27/06/24 
952 |0 0  |1 0  |2 lcc  |4 0  |6 TP0690 L96  |7 0  |9 5334  |a TL  |b HOL  |c LP  |d 2024-06-27  |l 0  |o TP690.L96  |p 2024-0575  |r 2024-06-27 00:00:00  |t 702325  |w 2024-06-27  |y BK 
952 |0 0  |1 0  |2 lcc  |4 0  |6 TP0690 L96  |7 0  |9 5335  |a HOL  |b HOL  |c LP  |d 2024-06-27  |l 0  |o TP690.L96  |p 2024-0576  |r 2024-06-27 00:00:00  |t 702326  |w 2024-06-27  |y BK 
999 |c 2643  |d 2643